عرض عادي
عرض مارك
- Collins
مدخل إسم شخص
001 - رقم الضبط
- حقل الضبط: 48234
003 - معرف رقم الضبط
- حقل الضبط: OSt
005 - تاريخ ووقت أخر عملية
- حقل الضبط: 20150708051802.0
008 - عناصر بيانات ثابتة الطول
- حقل تحكم ثابت الطول: 150708|| aca||aabn | a|a d
040 ## - مصدر الفهرسة
- هيئة الفهرسة الأصلية: OSt
- وكالة الكتابة: OSt
100 ## - مدخل -- أسم شخص
- إسم شخص: Collins
670 ## - بيانات المصدر موجوده
- الاستشهاد بالمصدر: Work cat.: (OSt)0: Collins, Collins English Dictionary., Oct. 2014
